Socio-economic development strategies of independent African countries : (Record no. 412)

MARC details
000 -LEADER
fixed length control field 01076nam a2200301 a 4500
001 - CONTROL NUMBER
control field 3574099
003 - CONTROL NUMBER IDENTIFIER
control field OSt
005 - DATE AND TIME OF LATEST TRANSACTION
control field 20140916151815.0
008 - FIXED-LENGTH DATA ELEMENTS--GENERAL INFORMATION
fixed length control field 980723s1996 gh ab b f001 0 eng
010 ## - LIBRARY OF CONGRESS CONTROL NUMBER
LC control number 98980076
020 ## - INTERNATIONAL STANDARD BOOK NUMBER
International Standard Book Number 9964302320
040 ## - CATALOGING SOURCE
Original cataloging agency DLC
Transcribing agency DLC
042 ## - AUTHENTICATION CODE
Authentication code lcode
043 ## - GEOGRAPHIC AREA CODE
Geographic area code f-gh---
082 ## - DEWEY DECIMAL CLASSIFICATION NUMBER
Edition number 20
Classification number 338.9
Item number ASA 1996
100 1# - MAIN ENTRY--PERSONAL NAME
Personal name Asamoa, Ansa.
9 (RLIN) 1080
245 10 - TITLE STATEMENT
Title Socio-economic development strategies of independent African countries :
Remainder of title the Ghanaian experience /
Statement of responsibility, etc. Ansa Asamoa.
260 ## - PUBLICATION, DISTRIBUTION, ETC. (IMPRINT)
Place of publication, distribution, etc. Accra :
Name of publisher, distributor, etc. Ghana Universities Press,
Date of publication, distribution, etc. 1996.
300 ## - PHYSICAL DESCRIPTION
Extent 248 p. : ill., maps ;
Dimensions 22 cm.
504 ## - BIBLIOGRAPHY, ETC. NOTE
Bibliography, etc Includes bibliographical references (p. 235-241) and index.
651 #0 - SUBJECT ADDED ENTRY--GEOGRAPHIC NAME
Geographic name Ghana
General subdivision Economic conditions.
9 (RLIN) 1081
651 #0 - SUBJECT ADDED ENTRY--GEOGRAPHIC NAME
Geographic name Ghana
General subdivision Economic policy.
9 (RLIN) 1082
651 #0 - SUBJECT ADDED ENTRY--GEOGRAPHIC NAME
Geographic name Ghana
General subdivision Social conditions.
9 (RLIN) 1083
651 #0 - SUBJECT ADDED ENTRY--GEOGRAPHIC NAME
Geographic name Ghana
General subdivision Social policy.
9 (RLIN) 1084
906 ## - LOCAL DATA ELEMENT F, LDF (RLIN)
a 7
b cbc
c origode
d 3
e ncip
f 19
g y-gencatlg
942 ## - ADDED ENTRY ELEMENTS (KOHA)
Source of classification or shelving scheme Dewey Decimal Classification
Koha item type Short Loan
Holdings
Withdrawn status Lost status Source of classification or shelving scheme Damaged status Not for loan Home library Current library Date acquired Source of acquisition Inventory number Total Checkouts Full call number Barcode Date last seen Price effective from Koha item type
    Dewey Decimal Classification     MUST Main Library MUST Main Library 16/09/2014   2000/14442   338.9 ASA 1996 2014-2770 16/09/2014 16/09/2014 Short Loan
    Dewey Decimal Classification     MUST Main Library MUST Main Library 18/09/2014   2000/1443   338.9 ASA 1996 2014-2845 18/09/2014 18/09/2014 Short Loan